Современная российская государственность (Запись № 13667249)

Подробности
000 -МАРКЕР
контрольное поле 03233nam0a2200433 4500
001 - ИДЕНТИФИКАТОР ЗАПИСИ
контрольное поле RU\NLR\BIBL_A\022351080
005 - ИДЕНТИФИКАТОР ВЕРСИИ
контрольное поле 20260420015749.0
010 ## - МЕЖДУНАРОДНЫЙ СТАНДАРТНЫЙ НОМЕР КНИГИ (ISBN)
Номер (ISBN) 978-5-238-03879-7
Тираж 1000
021 ## - НОМЕР ГОСУДАРСТВЕННОЙ РЕГИСТРАЦИИ
Код страны Российская Федерация
Номер КН-П-24-045558
Номер Листа государственной регистраци КН-П-24-4535
035 ## - ДРУГИЕ СИСТЕМНЫЕ НОМЕРА
Идентификатор записи (NLR Aleph) 022351080
100 ## - ДАННЫЕ ОБЩЕЙ ОБРАБОТКИ
Данные общей обработки 20241011d2024 u y0rusy50 ca
101 0# - ЯЗЫК РЕСУРСА
Язык текста, звукозаписи и т.д. русский
102 ## - СТРАНА ПУБЛИКАЦИИ ИЛИ ПРОИЗВОДСТВА
Страна публикации Российская Федерация
105 ## - ПОЛЕ КОДИРОВАННЫХ ДАННЫХ: ТЕКСТОВЫЕ МАТЕРИАЛЫ, МОНОГРАФИЧЕСКИЕ
Кодированные данные о монографическом текстовом документе a j 000yy
181 #0 - ПОЛЕ КОДИРОВАННЫХ ДАННЫХ: ВИД СОДЕРЖАНИЯ
Код вида содержания (ISBD) i3
Код характеристики содержания (ISBD) axxe
182 #0 - ПОЛЕ КОДИРОВАННЫХ ДАННЫХ: ТИП СРЕДСТВА
Код типа средства (ISBD) n - непосредственное
200 1# - ЗАГЛАВИЕ И СВЕДЕНИЯ ОБ ОТВЕТСТВЕННОСТИ
Основное заглавие Современная российская государственность
Сведения, относящиеся к заглавию проблемы государства и права в условиях новой геополитической ситуации
-- учебное пособие для студентов высших учебных заведений, обучающихся по направлению "Юриспруденция"
Первые сведения об ответственности [И. В. Дойников - доктор юридических наук, профессор, Н. Д. Эриашвили - кандидат юридических наук, кандидат исторических наук, доктор экономических наук, профессор, Н. И. Дорохов - кандидат исторических наук, профессор, доцент, П. Г. Шеленговский - кандидат юридических наук, доцент]
Последующие сведения об ответственности под редакцией доктора юридических наук, профессора И. В. Дойникова
203 ## - ВИД СОДЕРЖАНИЯ И ТИП СРЕДСТВА
Вид содержания Текст
Дополнительные сведения об издании визуальный
Тип средства непосредственный
205 ## - СВЕДЕНИЯ ОБ ИЗДАНИИ
Сведения об издании 3-е изд., перераб. и доп.
210 ## - ПУБЛИКАЦИЯ, РАСПРОСТРАНЕНИЕ И ДР.
Место издания, распространения и т.д. Москва
Имя издателя, распространителя и т. д. ЮНИТИ-ДАНА
-- Закон и право
Дата издания, распространения и т.д. 2024
215 ## - ФИЗИЧЕСКАЯ ХАРАКТЕРИСТИКА
Специфическое обозначение материала и объем 191 с.
Другие сведения о физической характеристике табл.
Размеры 22
225 1# - СЕРИЯ
Основное заглавие серии Серия учебных изданий Теоретико-исторические правовые дисциплины
300 ## - ОБЩИЕ ПРИМЕЧАНИЯ
Текст примечания Авт. указаны на 16-й с.
320 ## - ПРИМЕЧАНИЯ О НАЛИЧИИ В ДОКУМЕНТЕ БИБЛИОГРАФИИ / УКАЗАТЕЛЯ
Текст примечания Библиогр.: с. 188-189 и в подстроч. примеч.
606 1# - НАИМЕНОВАНИЕ ТЕМЫ КАК ПРЕДМЕТ
Наименование темы Государство
Формальный подзаголовок Учебные издания для высших учебных заведений
Географический подзаголовок Российская Федерация
Системный номер авторитетной/нормативной записи 2070217
Идентификатор авторитетной/нормативной записи RU\NLR\AUTH\661244933
606 1# - НАИМЕНОВАНИЕ ТЕМЫ КАК ПРЕДМЕТ
Наименование темы Право
Формальный подзаголовок Учебные издания для высших учебных заведений
Географический подзаголовок Российская Федерация
Системный номер авторитетной/нормативной записи 2070216
Идентификатор авторитетной/нормативной записи RU\NLR\AUTH\661244932
606 1# - НАИМЕНОВАНИЕ ТЕМЫ КАК ПРЕДМЕТ
Наименование темы Государство
Формальный подзаголовок Учебные издания для высших учебных заведений
Тематический подзаголовок Политологический аспект
Системный номер авторитетной/нормативной записи 2277667
Идентификатор авторитетной/нормативной записи RU\NLR\AUTH\661364815
686 1# - ИНДЕКСЫ ДРУГИХ КЛАССИФИКАЦИЙ
Индекс Х62я73
686 1# - ИНДЕКСЫ ДРУГИХ КЛАССИФИКАЦИЙ
Индекс Ф3(2)12я73
701 #1 - ИМЯ ЛИЦА - АЛЬТЕРНАТИВНАЯ ОТВЕТСТВЕННОСТЬ
Графика поля Кириллица
Материалы, к которым относится поле rus
Начальный элемент ввода Дойников
Часть имени, кроме начального элемента ввода И. В.
Даты 1959-
Расширение инициалов личного имени Игорь Валентинович
Системный номер авторитетной/нормативной записи 115988
Идентификатор авторитетной/нормативной записи RU\NLR\AUTH\776032
701 #1 - ИМЯ ЛИЦА - АЛЬТЕРНАТИВНАЯ ОТВЕТСТВЕННОСТЬ
Графика поля Кириллица
Материалы, к которым относится поле rus
Начальный элемент ввода Эриашвили
Часть имени, кроме начального элемента ввода Н. Д.
Даты 1960-
Расширение инициалов личного имени Нодари Дарчоевич
Системный номер авторитетной/нормативной записи 11409
Идентификатор авторитетной/нормативной записи RU\NLR\AUTH\7728378
701 #1 - ИМЯ ЛИЦА - АЛЬТЕРНАТИВНАЯ ОТВЕТСТВЕННОСТЬ
Начальный элемент ввода Дорохов
Часть имени, кроме начального элемента ввода Н. И.
Расширение инициалов личного имени Николай Иннокентьевич
701 #1 - ИМЯ ЛИЦА - АЛЬТЕРНАТИВНАЯ ОТВЕТСТВЕННОСТЬ
Начальный элемент ввода Шеленговский
Часть имени, кроме начального элемента ввода П. Г.
Расширение инициалов личного имени Павел Геннадьевич
942 ## - ДОПОЛНИТЕЛЬНЫЕ ЭЛЕМЕНТЫ ЗАПИСИ (АБИС)
Тип экземпляра АБИС Книга
980 ## - КОЛЛЕКЦИЯ
Название коллекции НБР
980 ## - КОЛЛЕКЦИЯ
Название коллекции Национальная библиография

Нет доступных экземпляров.